| 000 | 00398nam a22001577a 4500 | ||
|---|---|---|---|
| 003 | SGT | ||
| 020 | _a9789367085824 | ||
| 082 |
_a617.966 _bM90B |
||
| 100 | _aBennett, C. Richard | ||
| 245 | _aMonheim's Local Anesthesia and Pain control in dental practice | ||
| 250 | _a7th | ||
| 260 |
_bC.B.S. Publishers & Distributors _c1990 |
||
| 300 | _a404 | ||
| 650 | _aOral Surgery | ||
| 942 |
_2ddc _cBK _072 |
||
| 999 |
_c26886 _d26886 |
||